Late antiquity : Eastern perspectives /

محفوظ في:

مؤلفون آخرون: Bernheimer, Teresa, 1978-, Silverstein, Adam J.

التنسيق: كتاب

اللغة: English

منشور في: [Cambridge, U.K.] : Gibb Memorial Trust, 2012.

الموضوعات:

الوسوم: إضافة وسم

لا توجد وسوم, كن أول من يضع وسما على هذه التسجيلة!

رقم الطلب: DS38.16 .L38 2012

LEADER 00840nam a2200253Ia 4500
003 OSt
005 20260105100934.0
008 201123s2012 enkab b 001 0 eng d
020 |a 9780906094532 
040 |c ARCE Library 
043 |a a-ir---  |a ff-----  |a aw-----  |a e-sp--- 
050 4 |a DS38.16 .L38 2012 
245 0 0 |a Late antiquity :  |b Eastern perspectives /  |c edited by Teresa Bernheimer and Adam Silverstein.  
264 1 |a [Cambridge, U.K.] :   |b Gibb Memorial Trust,   |c 2012. 
300 |a 180 pages :  |b illustrations, maps,  |c 25 cm. 
504 |a Includes bibliographical references and index. 
650 0 |a Sassanids. 
651 0 |a Islamic Empire  |x Historiography. 
651 0 |a Iran  |x History  |y To 640. 
700 1 |a Bernheimer, Teresa,   |d 1978- 
700 1 |a Silverstein, Adam J.,  
901 |a reviewed 
942 |c BK  |2 lcc 
999 |c 31274  |d 31274